[Event "American Continental 19th"]
[Site "Foz do Iguacu"]
[Date "2025.05.23"]
[Round "1"]
[White "De Andrade, Arthur Batuli"]
[Black "Carrasco Jacome, Bryan Ricardo"]
[Result "0-1"]
[WhiteElo "1646"]
[BlackElo "2141"]
[PlyCount "110"]
[EventDate "2025.05.23"]
[EventType "swiss"]
[EventRounds "11"]
[EventCountry "BRA"]
[SourceTitle "CB23_2025"]
[SourceDate "2025.06.04"]
[SourceVersion "1"]
[SourceVersionDate "2025.06.04"]
[SourceQuality "1"]

1. e4 c6 2. Nc3 d5 3. Nf3 Bg4 4. h3 Bxf3 5. Qxf3 e6 6. d3 Nf6 7. g3 Be7 8. Bg2 a5 9. Bf4 a4 10. a3 Qa5 11. 0-0 0-0 12. Qe2 d4 13. Nb1 e5 14. Bg5 Qd8 15. Bxf6 Bxf6 16. Nd2 c5 17. Qg4 Qd7 18. Qxd7 Nxd7 19. f4 b5 20. Nf3 Rfe8 21. Rac1 Ra7 22. Rf2 Bd8 23. Kf1 Bc7 24. f5 b4 25. Nd2 Nb6 26. Rb1 Rb8 27. Ke2 Bd6 28. Rff1 Rc7 29. Nc4 Nxc4 30. dxc4 Rcb7 31. Rf3 bxa3 32. Rxa3 Rxb2 33. Rxb2 Rxb2 34. Kd3 Rb4 35. Bf3 g6 36. Bg4 h5 37. Bf3 Bf8 38. g4 hxg4 39. Bxg4 Bh6 40. fxg6 Bc1 41. gxf7+ Kf8 42. Ra1 Bb2 43. Rf1 Kg7 44. Rg1 a3 45. c3 dxc3 46. Bd1+ Kf8 47. Rf1 Ke7 48. Bb3 Rxb3 49. Kc2 Rb4 50. Kb1 c2+ 51. Ka2 Rxc4 52. h4 c1Q 53. Rxc1 Rxc1 54. h5 c4 55. h6 Ra1# 0-1

[Event "Cuenca Crespi Memorial"]
[Site "Cuenca"]
[Date "2024.04.25"]
[Round "3"]
[White "Carrasco Jacome, Bryan Ricardo"]
[Black "Guerrero Cajeca, Matias Israel"]
[Result "1/2-1/2"]
[WhiteElo "2151"]
[BlackElo "1908"]
[PlyCount "100"]
[EventDate "2024.04.24"]
[EventType "swiss"]
[EventRounds "9"]
[EventCountry "ECU"]
[SourceTitle "EXT 2025"]
[Source "ChessBase"]
[SourceDate "2024.10.14"]
[SourceVersion "1"]
[SourceVersionDate "2024.10.14"]
[SourceQuality "1"]

1. e4 c5 2. Nf3 Nc6 3. Bb5 g6 4. 0-0 Bg7 5. Re1 e5 6. Bxc6 bxc6 7. c3 Ne7 8. d4 cxd4 9. cxd4 exd4 10. Nxd4 Qb6 11. Nb3 Qc7 12. Nc3 0-0 13. Bg5 d6 14. Qd2 Be6 15. Nd4 Rfe8 16. Rac1 Qd7 17. b3 Rad8 18. Na4 c5 19. Nxe6 Qxe6 20. Nc3 Bxc3 21. Qxc3 Rd7 22. Bf6 Nc6 23. f3 Ne5 24. Bxe5 Qxe5 25. Red1 Qxc3 26. Rxc3 Red8 27. Rd5 f6 28. Rc4 Kf7 29. Ra4 Ke7 30. Kf2 Rb8 31. Ke3 Ke6 32. g4 Rb4 33. Ra6 Rb6 34. Ra4 Rb4 35. Ra6 Rb6 36. Ra5 Rdb7 37. Kd3 Rb5 38. Rxb5 Rxb5 39. Kc3 a5 40. a3 g5 41. h4 h6 42. Rf5 Rb6 43. Kc4 Rb7 44. f4 gxf4 45. Rxf4 Rb8 46. Rf5 Rg8 47. Rf4 Ke5 48. Rf5+ Ke6 49. Rf4 Ke5 50. Rf5+ Ke6 1/2-1/2

[Event "Cuenca Crespi Memorial"]
[Site "Cuenca"]
[Date "2024.04.24"]
[Round "2"]
[White "Cargua Inca, Andres Mateo"]
[Black "Carrasco Jacome, Bryan Ricardo"]
[Result "0-1"]
[WhiteElo "1767"]
[BlackElo "2151"]
[PlyCount "93"]
[EventDate "2024.04.24"]
[EventType "swiss"]
[EventRounds "9"]
[EventCountry "ECU"]
[SourceTitle "EXT 2025"]
[Source "ChessBase"]
[SourceDate "2024.10.14"]
[SourceVersion "1"]
[SourceVersionDate "2024.10.14"]
[SourceQuality "1"]

1. e4 c5 2. Nf3 Nc6 3. c3 Nf6 4. e5 Nd5 5. d4 cxd4 6. cxd4 d6 7. Bc4 dxe5 8. Nxe5 e6 9. 0-0 Bd6 10. Re1 0-0 11. Nxc6 bxc6 12. Nc3 Qh4 13. g3 Qd8 14. Ne4 Be7 15. Bd2 Qb6 16. Bc3 Ba6 17. Qd3 Bxc4 18. Qxc4 Qb5 19. Qe2 Rac8 20. Rac1 Nf6 21. Nc5 Bxc5 22. dxc5 Qxe2 23. Rxe2 Nd5 24. Be5 a5 25. a3 Rfd8 26. Kg2 f6 27. Bd6 e5 28. Rc4 Rd7 29. Kf1 Rb7 30. Ke1 Kf7 31. Kd1 g5 32. h4 h6 33. Kc1 Rg8 34. Ra4 Rb5 35. Rc4 Rg7 36. Kd1 g4 37. Kc1 h5 38. Re1 Kg6 39. Re2 Rgb7 40. Rce4 Kf5 41. Rc4 Ra7 42. Re1 Rg7 43. Re2 Rgb7 44. Rd2 Rb3 45. Ra4 R3b5 46. Rc4 Ke6 47. Re4 0-1

[Event "ECU pre olympic"]
[Site "Quito"]
[Date "2024.04.09"]
[Round "2"]
[White "Moreno Viteri, Oscar Antonio"]
[Black "Carrasco Jacome, Bryan Ricardo"]
[Result "1-0"]
[WhiteElo "1890"]
[BlackElo "2151"]
[PlyCount "81"]
[EventDate "2024.04.09"]
[EventType "tourn"]
[EventRounds "11"]
[EventCountry "ECU"]
[SourceTitle "EXT 2025"]
[Source "ChessBase"]
[SourceDate "2024.10.14"]
[SourceVersion "1"]
[SourceVersionDate "2024.10.14"]
[SourceQuality "1"]

1. e4 c5 2. Nc3 Nc6 3. Bb5 Nd4 4. Ba4 g6 5. Nf3 Bg7 6. 0-0 a6 7. Nxd4 cxd4 8. Ne2 e6 9. c3 Nf6 10. e5 Nd5 11. cxd4 b5 12. Bb3 Bb7 13. Nc3 Qb6 14. Nxd5 Bxd5 15. Bxd5 exd5 16. d3 0-0 17. Be3 Rac8 18. Qb3 Qe6 19. Rac1 Rc6 20. f4 f6 21. Rce1 Rfc8 22. Bd2 f5 23. h3 Bf8 24. a3 Kf7 25. Qd1 h5 26. g4 hxg4 27. hxg4 Be7 28. Re2 Rc2 29. b4 Ra2 30. gxf5 gxf5 31. Rg2 Rg8 32. Qh5+ Kf8 33. Rff2 Ra1+ 34. Kh2 Rg4 35. Rxg4 fxg4 36. f5 g3+ 37. Kxg3 Qg8+ 38. Kf3 Qf7 39. Qh8+ Qg8 40. Bh6+ Kf7 41. e6+ 1-0

[Event "ECU-ch"]
[Site "Ibarra"]
[Date "2024.03.15"]
[Round "6"]
[White "Viscaino Yanez, Jhonny Cesar"]
[Black "Carrasco Jacome, Bryan Ricardo"]
[Result "0-1"]
[WhiteElo "1952"]
[BlackElo "2151"]
[PlyCount "106"]
[EventDate "2024.03.13"]
[EventType "swiss"]
[EventRounds "9"]
[EventCountry "ECU"]
[SourceTitle "EXT 2025"]
[Source "ChessBase"]
[SourceDate "2024.10.14"]
[SourceVersion "1"]
[SourceVersionDate "2024.10.14"]
[SourceQuality "1"]

1. c4 c5 2. g3 g6 3. Bg2 Bg7 4. Nc3 Nc6 5. d3 e5 6. h4 h6 7. Bd2 Nge7 8. h5 g5 9. f4 gxf4 10. gxf4 d6 11. Nf3 Rg8 12. Rh2 exf4 13. Qa4 Bd7 14. Nb5 Nf5 15. Bh3 Ncd4 16. Bxf5 Nxf5 17. Qb3 Bc6 18. 0-0-0 Be5 19. Bc3 a6 20. d4 axb5 21. dxe5 b4 22. Be1 Bxf3 23. Qxf3 Rxa2 24. Rd5 Ne3 25. Qxf4 Ra1+ 26. Kd2 Nxd5 27. cxd5 Qg5 28. Rf2 dxe5 29. Qxg5 Rxg5 30. e4 Rg1 31. Re2 Rb1 32. b3 Rxb3 33. Kc2 Ra3 34. Bd2 Ra2+ 35. Kb3 Rxd2 36. Rxd2 b5 37. d6 Rg3+ 38. Ka2 Ra3+ 39. Kb1 Kd7 40. Rd5 Rc3 41. Kb2 f6 42. Kb1 b3 43. Kb2 b4 44. Kb1 Rc2 45. Ka1 c4 46. Kb1 c3 47. Rd1 Rd2 48. Rg1 Kxd6 49. Rf1 Kc5 50. Rc1 Rb2+ 51. Ka1 Ra2+ 52. Kb1 c2+ 53. Rxc2+ Rxc2 0-1

[Event "South America-ch"]
[Site "Lima"]
[Date "2023.09.14"]
[Round "1"]
[White "Carrasco Jacome, Bryan Ricardo"]
[Black "Sandoval, Pablo"]
[Result "0-1"]
[WhiteElo "2211"]
[BlackElo "1744"]
[PlyCount "90"]
[EventDate "2023.09.14"]
[EventType "swiss"]
[EventRounds "9"]
[EventCountry "PER"]
[SourceTitle "CBM 216 Extra"]
[Source "ChessBase"]
[SourceDate "2023.11.30"]
[SourceVersion "1"]
[SourceVersionDate "2023.11.30"]
[SourceQuality "1"]

1. e4 Nf6 2. e5 Nd5 3. d4 d6 4. c4 Nb6 5. exd6 cxd6 6. Nc3 g6 7. Be3 Bg7 8. Rc1 0-0 9. b3 Nc6 10. d5 Ne5 11. Be2 f5 12. Nf3 Nxf3+ 13. Bxf3 Nd7 14. Be2 f4 15. Bd4 Ne5 16. f3 Bf5 17. Qd2 Qa5 18. 0-0 Rac8 19. Rfe1 Nd3 20. Bxd3 Bxd4+ 21. Kh1 Be3 22. Rxe3 fxe3 23. Qxe3 Bxd3 24. Qxd3 b5 25. Ne4 Qa3 26. Qd2 bxc4 27. bxc4 Rf5 28. h3 Rb8 29. Rc2 Rb1+ 30. Kh2 Qb4 31. Qd4 Qa4 32. Qd3 Qb4 33. Rc3 Qb6 34. c5 dxc5 35. d6 exd6 36. Nxd6 Qb8 37. f4 Rf6 38. Rxc5 Rxd6 39. Qc4+ Kg7 40. Rc7+ Kh6 41. f5 Qb4 42. Rxh7+ Kxh7 43. Qf7+ Kh6 44. Qf8+ Kg5 45. Qe7+ Rf6 0-1

[Event "Cali Valle Colombia op-A"]
[Site "Cali Valle Colombia"]
[Date "2022.12.26"]
[Round "2"]
[White "Mora Munoz, Alejandro"]
[Black "Carrasco Jacome, Bryan Ricardo"]
[Result "0-1"]
[WhiteElo "1931"]
[BlackElo "2150"]
[PlyCount "68"]
[EventDate "2022.12.26"]
[EventType "swiss"]
[EventRounds "9"]
[EventCountry "COL"]
[SourceTitle "CBM 211 Extra"]
[Source "ChessBase"]
[SourceDate "2023.01.31"]
[SourceVersion "1"]
[SourceVersionDate "2023.01.31"]
[SourceQuality "1"]

1. e4 c5 2. Nf3 Nc6 3. d4 cxd4 4. Nxd4 Qb6 5. Nb3 Nf6 6. Nc3 e6 7. a3 Qc7 8. f4 d6 9. Be3 a6 10. g4 b5 11. g5 Nd7 12. Qf3 Be7 13. Qf2 0-0 14. 0-0-0 b4 15. axb4 Nxb4 16. Rg1 Re8 17. h4 a5 18. Nb5 Qb8 19. Ba7 Qb7 20. Nxa5 Qa6 21. Nb3 Rf8 22. Bd4 Qc6 23. f5 Ba6 24. f6 Bxb5 25. Bxb5 Qxb5 26. fxe7 Rfe8 27. Kb1 Rxe7 28. Bc3 Na2 29. Qd4 Nxc3+ 30. Qxc3 Nc5 31. Rxd6 Nxe4 32. Qf3 Qa4 33. Rd8+ Rxd8 34. Rg4 Ra7 0-1

[Event "Palmira Fortalece Sede"]
[Site "Palmira"]
[Date "2022.12.16"]
[Round "6"]
[White "Carrasco Jacome, Bryan Ricardo"]
[Black "Larino Nieto, David"]
[Result "1/2-1/2"]
[WhiteElo "2150"]
[BlackElo "2466"]
[PlyCount "150"]
[EventDate "2022.12.13"]
[EventType "swiss"]
[EventRounds "10"]
[EventCountry "COL"]
[SourceTitle "CBM 211 Extra"]
[Source "ChessBase"]
[SourceDate "2023.01.31"]
[SourceVersion "1"]
[SourceVersionDate "2023.01.31"]
[SourceQuality "1"]

1. e4 a6 2. d4 d6 3. Nc3 Nd7 4. f4 b5 5. Nf3 Bb7 6. a3 e5 7. Bd3 c5 8. dxe5 dxe5 9. Nxe5 Nxe5 10. fxe5 c4 11. Be2 Bc5 12. Bf3 Ne7 13. Bg5 Qc7 14. Nd5 Bxd5 15. Bxe7 Qxe7 16. exd5 0-0 17. Qe2 Qg5 18. h4 Qg3+ 19. Kd1 Rfe8 20. Rh3 Qf4 21. Qe4 Qh6 22. c3 Bd6 23. e6 fxe6 24. Kc2 Rad8 25. Re1 exd5 26. Qxd5+ Kh8 27. Qg5 Qxg5 28. Rxe8+ Rxe8 29. hxg5 g6 30. Rh4 Re5 31. Re4 Rxg5 32. Re6 Bf4 33. a4 a5 34. axb5 Rxb5 35. Re4 Be5 36. Rxc4 h5 37. Bc6 Rb6 38. Be4 Re6 39. Rc6 Bd6 40. Bd5 Rf6 41. Ra6 Kg7 42. Rxa5 Rf2+ 43. Kb1 h4 44. b4 Kf6 45. Ra2 Rf5 46. Be4 Rf1+ 47. Kc2 g5 48. Kd3 g4 49. Ra6 Ke7 50. Bd5 Rd1+ 51. Kc4 h3 52. gxh3 gxh3 53. Ra7+ Kf6 54. Rh7 h2 55. Rh6+ Kg7 56. Rh3 Kg6 57. b5 Kg5 58. b6 Rb1 59. b7 Kg4 60. Rh6 Bf4 61. Rh7 Be5 62. Re7 Bd6 63. Re6 Bf4 64. Re8 Bd6 65. Rd8 Be5 66. Kc5 Kg5 67. c4 Kh6 68. Re8 Bf4 69. Kc6 Kg7 70. Rg8+ Kf6 71. Rf8+ Kg5 72. Rxf4 Kxf4 73. Kc7 Ke5 74. b8Q Rxb8 75. Kxb8 Kd4 1/2-1/2

[Event "Palmira Fortalece Sede"]
[Site "Palmira"]
[Date "2022.12.14"]
[Round "2"]
[White "Carrasco Jacome, Bryan Ricardo"]
[Black "Mogollon Tobar, Nicolle Juliet"]
[Result "1-0"]
[WhiteElo "2150"]
[BlackElo "1899"]
[PlyCount "109"]
[EventDate "2022.12.13"]
[EventType "swiss"]
[EventRounds "10"]
[EventCountry "COL"]
[SourceTitle "CBM 211 Extra"]
[Source "ChessBase"]
[SourceDate "2023.01.31"]
[SourceVersion "1"]
[SourceVersionDate "2023.01.31"]
[SourceQuality "1"]

1. e4 d5 2. exd5 Qxd5 3. d4 c6 4. c4 Qd8 5. Be3 Bf5 6. Nf3 Nf6 7. Be2 e6 8. 0-0 Be7 9. Nc3 0-0 10. h3 Bd6 11. Nh4 Bg6 12. Bf3 a6 13. Nxg6 hxg6 14. Qc2 Nbd7 15. Rad1 Qc7 16. Qd2 Rae8 17. Rfe1 Qb8 18. g3 Qc8 19. Bg2 Kh7 20. a3 b5 21. Qd3 Bb8 22. Ne4 Nxe4 23. Qxe4 bxc4 24. h4 Nb6 25. Qxc6 Qxc6 26. Bxc6 Rd8 27. Bb7 a5 28. Rc1 c3 29. Rxc3 Bd6 30. Rc2 Rb8 31. Be4 Na4 32. Ree2 Rfd8 33. h5 f5 34. Bc6 Nb6 35. hxg6+ Kxg6 36. Bd2 Kf6 37. Bxa5 Rf8 38. Kg2 g5 39. b4 Rh8 40. a4 f4 41. Kf3 Rh3 42. Kg4 Rh6 43. Re1 Nc8 44. Rce2 Kf7 45. Rxe6 Rxe6 46. Bd5 fxg3 47. fxg3 Ne7 48. Bxe6+ Kf6 49. d5 Bxb4 50. Rf1+ Kg6 51. Bc7 Ra8 52. Bf7+ Kg7 53. Be5+ Kf8 54. d6 Rxa4 55. Bb3+ 1-0

[Event "Natal zt 2.4"]
[Site "Natal"]
[Date "2022.10.06"]
[Round "7"]
[White "Carrasco Jacome, Bryan Ricardo"]
[Black "Matsuura, Everaldo"]
[Result "1/2-1/2"]
[WhiteElo "2125"]
[BlackElo "2445"]
[PlyCount "61"]
[EventDate "2022.10.03"]
[EventType "swiss"]
[EventRounds "9"]
[EventCountry "BRA"]
[SourceTitle "EXT 2024"]
[Source "ChessBase"]
[SourceDate "2023.10.10"]
[SourceVersion "1"]
[SourceVersionDate "2023.10.10"]
[SourceQuality "1"]

1. e4 c5 2. Nf3 Nc6 3. Bb5 g6 4. 0-0 Bg7 5. Re1 e5 6. Bxc6 dxc6 7. d3 Qc7 8. Nbd2 Nf6 9. Nc4 Nd7 10. Bd2 0-0 11. a3 a5 12. a4 Re8 13. b3 Nf8 14. Bc3 f6 15. Rf1 Ne6 16. Kh1 b6 17. Ng1 Ba6 18. Ne2 Rad8 19. Qe1 Bc8 20. Qc1 Nd4 21. Nxd4 cxd4 22. Bd2 c5 23. f4 Rf8 24. Qe1 Be6 25. fxe5 fxe5 26. Qh4 Rde8 27. Bh6 Bxh6 28. Qxh6 Bxc4 29. bxc4 Qc6 30. Rxf8+ Rxf8 31. Kg1 1/2-1/2

[Event "Natal zt 2.4"]
[Site "Natal"]
[Date "2022.10.05"]
[Round "5"]
[White "Paredes Lagos, Anthony Javier"]
[Black "Carrasco Jacome, Bryan Ricardo"]
[Result "1/2-1/2"]
[WhiteElo "2211"]
[BlackElo "2125"]
[PlyCount "101"]
[EventDate "2022.10.03"]
[EventType "swiss"]
[EventRounds "9"]
[EventCountry "BRA"]
[SourceTitle "EXT 2024"]
[Source "ChessBase"]
[SourceDate "2023.10.10"]
[SourceVersion "1"]
[SourceVersionDate "2023.10.10"]
[SourceQuality "1"]

1. e4 c5 2. Nf3 Nc6 3. Bb5 g6 4. 0-0 Bg7 5. Re1 Nf6 6. c3 0-0 7. h3 a6 8. Bxc6 dxc6 9. d4 Qa5 10. Nbd2 cxd4 11. cxd4 Be6 12. Nb3 Bxb3 13. Qxb3 Qb5 14. Qc2 Nd7 15. a4 Qa5 16. Bd2 Qb6 17. e5 e6 18. b4 Rfc8 19. Qe4 Qd8 20. a5 h6 21. h4 Nf8 22. Qg4 Qd5 23. Ra3 Rc7 24. Rc1 Rd8 25. Rc5 Qd7 26. Be3 Qe8 27. Nd2 Nd7 28. Ne4 Nxc5 29. bxc5 Qe7 30. h5 Kh7 31. f4 Rcd7 32. Nd6 Rg8 33. hxg6+ fxg6 34. Bf2 h5 35. Rh3 Bh6 36. Qf3 Qf8 37. Be3 Rf7 38. g3 Rgg7 39. Rh2 Kg8 40. Kh1 Rh7 41. Bd2 Rf5 42. Qb3 Qe7 43. Nxf5 gxf5 44. Qf3 Bf8 45. Rxh5 Rxh5+ 46. Qxh5 Qh7 47. Qh2 Kg7 48. Qxh7+ Kxh7 49. Kg2 Kg6 50. Kf3 Kh5 51. Bb4 1/2-1/2

[Event "ECU-ch"]
[Site "Salinas"]
[Date "2021.12.17"]
[Round "4"]
[White "Viscaino Yanez, Jhonny Cesar"]
[Black "Carrasco Jacome, Bryan Ricardo"]
[Result "0-1"]
[WhiteElo "1906"]
[BlackElo "2103"]
[PlyCount "80"]
[EventDate "2021.12.16"]
[EventType "swiss"]
[EventRounds "7"]
[EventCountry "ECU"]
[SourceTitle "EXT 2023"]
[Source "ChessBase"]
[SourceDate "2022.10.05"]
[SourceVersion "1"]
[SourceVersionDate "2022.10.05"]
[SourceQuality "1"]

1. e4 c5 2. Nf3 Nc6 3. d4 cxd4 4. Nxd4 Qb6 5. Nb3 Nf6 6. Nc3 e6 7. Be3 Qc7 8. a3 a6 9. f4 d6 10. Qf3 b5 11. 0-0-0 Bb7 12. g4 b4 13. axb4 Nxb4 14. Rd4 d5 15. Qe2 Rc8 16. e5 Ne4 17. Nxe4 Qxc2+ 18. Qxc2 Nxc2 19. Nc3 Nxe3 20. h3 h5 21. Na5 Nxf1 22. Rxf1 Ba8 23. Nb3 hxg4 24. hxg4 Rh2 25. Rf3 Rc4 26. f5 Bb4 27. fxe6 fxe6 28. Rg3 a5 29. Rxc4 dxc4 30. Nd4 Ke7 31. g5 Rg2 32. Rh3 Rxg5 33. Rh8 Bxc3 34. bxc3 Bd5 35. Rh7 Kf7 36. Kb2 Rxe5 37. Ka3 Re3 38. Nb5 Kf6 39. Rh8 g5 40. Rf8+ Kg7 0-1